000 00343nam a22001451a 4500
082 _aH3
_bJIT/P
100 _aJitendra Bhattia
245 _aPratyakshadarshi/
_cby Jitendra Bhattia
260 _aNew Delhi:
_bNational,
_c1987.
300 _a142p.
650 _aNovel Hindi
650 _aLiterature Hindi
650 _aLiterature
942 _cBK
999 _c35781
_d35781